[Event "WCU Winter Major"]
[Site "Bridgend"]
[Date "2026.01.24"]
[Round "2.8"]
[White "Browse, Joseph"]
[Black "Bartlett-Davis, Otto"]
[Result "1-0"]
[WhiteElo "1792"]
[BlackElo "1626"]
[BlackFideId "-1"]
[PlyCount "85"]
[GameId "2272119591437735"]
[EventDate "2026.01.23"]
[EventType "swiss"]
[EventRounds "5"]
[EventCountry "WLS"]

1. e4 c6 2. d4 d5 3. Nc3 dxe4 4. Nxe4 Bf5 5. Ng3 Bg6 6. h4 h6 7. N1e2 Nf6 8. Nf4 Bh7 9. c3 e6 10. Qf3 Bd6 11. Nfh5 Bxg3 12. Nxg7+ Kd7 13. fxg3 Be4 14. Qe2 h5 15. Bg5 Rh7 16. Nxh5 Rxh5 17. Bxf6 Qxf6 18. Qxh5 Bg6 19. Qf3 Qe7 20. Bd3 Bxd3 21. Qxd3 Na6 22. O-O-O Kc7 23. Kb1 Rg8 24. Rdf1 f5 25. Qe3 Qd6 26. Rf3 Kd7 27. h5 Nc7 28. h6 Qe7 29. h7 Rh8 30. Qe5 Rxh7 31. Rxh7 Qxh7 32. Re3 Qh1+ 33. Re1 Qxg2 34. Qg7+ Kd6 35. Qf8+ Kd7 36. Qg7+ Kd6 37. c4 Qf2 38. c5+ Kd5 39. Qe5+ Kc4 40. Rc1+ Kb5 41. Qxc7 Ka6 42. b4 Qxd4 43. Qa5# 1-0

[Event "WCU Winter Major"]
[Site "Bridgend"]
[Date "2026.01.24"]
[Round "2.9"]
[White "Stannard, Mike"]
[Black "Heatman, Jordan"]
[Result "0-1"]
[WhiteElo "1533"]
[BlackElo "1784"]
[WhiteFideId "-1"]
[BlackFideId "-1"]
[PlyCount "50"]
[GameId "2272121177367984"]
[EventDate "2026.01.23"]
[EventType "swiss"]
[EventRounds "5"]
[EventCountry "WLS"]

1. d4 Nf6 2. Nc3 d5 3. Bf4 c6 4. e3 Bf5 5. Bd3 e6 6. Bxf5 exf5 7. Nf3 Bb4 8. O-O Bxc3 9. bxc3 Ne4 10. Qd3 g5 11. Nxg5 Nxg5 12. Qxf5 Rg8 13. Bxg5 Rxg5 14. Qxh7 Qf6 15. f4 Rg6 16. Qh3 Nd7 17. g3 O-O-O 18. Kf2 Rh8 19. Qg2 Qf5 20. Ke1 Nf6 21. Rh1 Re8 22. Qe2 Ng4 23. Qd2 Nxe3 24. Kf2 Qe4 25. Rhe1 Qg2# 0-1

[Event "WCU Winter Major"]
[Site "Bridgend"]
[Date "2026.01.24"]
[Round "2.10"]
[White "Richards, Benjamin James"]
[Black "Jones, Gavin"]
[Result "1/2-1/2"]
[WhiteElo "1650"]
[BlackElo "1766"]
[WhiteFideId "-1"]
[BlackFideId "-1"]
[PlyCount "33"]
[GameId "2272122047817145"]
[EventDate "2026.01.23"]
[EventType "swiss"]
[EventRounds "5"]
[EventCountry "WLS"]

1. e4 c6 2. Nf3 d5 3. exd5 cxd5 4. Ne5 a6 5. d4 Nf6 6. Bd3 Nc6 7. c3 g6 8. Nd2 Bg7 9. f4 Qc7 10. Ndf3 Bf5 11. O-O Bxd3 12. Qxd3 e6 13. Be3 Na5 14. b3 O-O 15. Rac1 b5 16. Rc2 {(=)} Qd6 17. Rfc1 1/2-1/2

[Event "WCU Winter Major"]
[Site "Bridgend"]
[Date "2026.01.24"]
[Round "2.11"]
[White "Thomas, Kevin"]
[Black "Potier, Julien"]
[Result "1-0"]
[WhiteElo "1737"]
[BlackElo "1521"]
[WhiteFideId "-1"]
[BlackFideId "-1"]
[PlyCount "91"]
[GameId "2272123482822269"]
[EventDate "2026.01.23"]
[EventType "swiss"]
[EventRounds "5"]
[EventCountry "WLS"]

1. e4 Nc6 2. Nc3 e5 3. Nf3 Nf6 4. Bc4 h6 5. d3 Na5 6. Nxe5 Nxc4 7. Nxc4 d6 8. Be3 c6 9. O-O Be7 10. Nd2 O-O 11. f4 Ng4 12. Qe1 b6 13. h3 Nxe3 14. Qxe3 Bb7 15. Ne2 Re8 16. Ng3 Qd7 17. Nf5 Bf8 18. Qg3 g6 19. Rae1 Kh7 20. Ne3 Bg7 21. c3 d5 22. exd5 cxd5 23. d4 Qd6 24. Nf3 Ba6 25. Rf2 Bd3 26. Ne5 f6 27. Nxd3 Re6 28. Qf3 Re4 29. f5 g5 30. Nxd5 Rxe1+ 31. Nxe1 Re8 32. Nd3 Rd8 33. Ne3 Rd7 34. Qh5 Re7 35. Qf3 a6 36. Re2 a5 37. Ng4 b5 38. Rxe7 Qxe7 39. Qe3 Qc7 40. Nc5 Bh8 41. Qe6 Bg7 42. Qd7 Qxd7 43. Nxd7 h5 44. Ngxf6+ Kh6 45. g4 hxg4 46. hxg4 1-0

[Event "WCU Winter Major"]
[Site "Bridgend"]
[Date "2026.01.24"]
[Round "2.12"]
[White "Hurn, Robert Aj"]
[Black "Murthy, Arush"]
[Result "0-1"]
[WhiteElo "1689"]
[BlackElo "1613"]
[BlackFideId "-1"]
[PlyCount "138"]
[GameId "2272124609189510"]
[EventDate "2026.01.23"]
[EventType "swiss"]
[EventRounds "5"]
[EventCountry "WLS"]

1. d4 Nf6 2. c4 g6 3. f3 d5 4. cxd5 Nxd5 5. e4 Nb6 6. Nc3 Bg7 7. Be3 O-O 8. Qd2 Nc6 9. O-O-O Qd6 10. Nb5 Qd7 11. Kb1 Rd8 12. d5 Ne5 13. Na3 c6 14. dxc6 Qxd2 15. Rxd2 Rxd2 16. Bxd2 Nxc6 17. Ne2 e5 18. Nc3 Be6 19. Be2 Rd8 20. Rd1 a6 21. Be3 Nd4 22. Bf1 Nc8 23. Nc2 Ne7 24. Rd2 {(=)} Nec6 25. h3 b5 26. Ne2 Nxc2 27. Rxc2 Nb4 28. Rd2 Bxa2+ 29. Ka1 Rc8 30. Nc3 Bb3 31. Bd3 Rd8 32. Bb1 Rxd2 33. Bxd2 Nc6 34. Ba2 Bxa2 35. Kxa2 Bf8 36. Nd5 Kg7 37. Nc7 Nb8 38. Bc3 f6 39. Ne6+ Kf7 40. Nxf8 Kxf8 41. b4 Ke7 42. Kb3 Nc6 43. Bd2 f5 44. Kc3 Ke6 45. Be3 Kf6 46. Bb6 fxe4 47. fxe4 Kg5 48. Be3+ Kh4 49. Bf2+ Kg5 50. Be3+ Kf6 51. g4 g5 52. Bb6 Kg6 53. Bc5 h5 54. Be3 hxg4 55. hxg4 Ne7 56. Bc5 Ng8 57. Bd6 Kf6 58. Bf8 Ke6 59. Bg7 Nf6 60. Bxf6 Kxf6 61. Kb3 Ke6 62. Kc3 Kd6 63. Kb3 Kc6 64. Kc3 Kb6 65. Kb3 a5 66. bxa5+ Kxa5 67. Ka3 b4+ 68. Kb3 Kb5 69. Kc2 Kc4 0-1

[Event "WCU Winter Major"]
[Site "Bridgend"]
[Date "2026.01.24"]
[Round "2.13"]
[White "Belochkin, David"]
[Black "Scarpignato, Samuele"]
[Result "1/2-1/2"]
[WhiteElo "1532"]
[BlackElo "1710"]
[WhiteFideId "-1"]
[BlackFideId "-1"]
[PlyCount "84"]
[GameId "2272126241687183"]
[EventDate "2026.01.23"]
[EventType "swiss"]
[EventRounds "5"]
[EventCountry "WLS"]

1. d4 f5 2. c4 e6 3. Nc3 Nf6 4. Bg5 Be7 5. e3 b6 6. Nf3 Bb7 7. Bd3 O-O 8. O-O Ne4 9. Bxe7 Qxe7 10. Rc1 a5 11. a3 d6 12. Bb1 Nd7 13. Nxe4 fxe4 14. Nd2 d5 15. cxd5 exd5 16. Rxc7 Ba6 17. Re1 Qh4 18. Rxd7 Qxf2+ 19. Kh1 Rf5 20. Rxd5 Rxd5 21. Bxe4 Rad8 22. Bxd5+ Rxd5 23. Nf3 Qxb2 24. Qb1 Qxb1 25. Rxb1 Rb5 26. Rxb5 Bxb5 27. d5 Kf8 28. d6 Bd7 29. Ne5 Be6 30. Kg1 b5 31. Kf2 b4 32. axb4 a4 33. Nc6 a3 34. Nd4 a2 35. Nc2 (35. Nxe6+ {wins} Ke8 36. d7+ Kxd7 37. Nc5+ Kc6 38. Nb3 Kb5 39. e4 Kxb4 40. Na1 Ka3 41. Ke2 Kb2 42. Kd2 Kxa1 43. Kc2) 35... Ke8 36. e4 Kd7 37. e5 Kc6 38. Ke3 Bf5 39. Na1 Kb5 40. Kd4 Be6 41. Nc2 Bf5 42. Na1 Be6 1/2-1/2

[Event "WCU Winter Major"]
[Site "Bridgend"]
[Date "2026.01.24"]
[Round "2.14"]
[White "Phillips, Thomas"]
[Black "Edwards, Jonathan"]
[Result "1-0"]
[WhiteElo "1707"]
[BlackElo "1424"]
[WhiteFideId "-1"]
[BlackFideId "-1"]
[PlyCount "77"]
[GameId "2272128320753942"]
[EventDate "2026.01.23"]
[EventType "swiss"]
[EventRounds "5"]
[EventCountry "WLS"]

1. e4 c5 2. Bc4 Nc6 3. Nf3 e5 4. O-O Nf6 5. d3 d5 6. exd5 Nxd5 7. Re1 f6 8. Nc3 Be6 9. Nxd5 Bxd5 10. Nh4 Ne7 11. Bb5+ Bc6 12. Bxc6+ bxc6 13. Be3 Qd7 14. Bxc5 Nf5 15. Qh5+ g6 16. Nxg6 Qf7 17. Qf3 Qe6 18. Nxh8 O-O-O 19. Nf7 Rd7 20. Bxf8 Nd4 21. Qd1 Rxf7 22. Bc5 Qd5 23. Bxd4 Rg7 24. f3 Qxd4+ 25. Kh1 Rg5 26. c3 Qf2 27. Qe2 Qh4 28. Qe4 Qf2 29. Rg1 Rh5 30. Qg4+ Kb7 31. Qxh5 a5 32. Qxh7+ Ka6 33. Qe7 Qh4 34. Qc7 Qa4 35. b3 Qb5 36. a4 Qxd3 37. Qxc6+ Ka7 38. Rad1 Qa6 39. Rd7+ 1-0

[Event "WCU Winter Major"]
[Site "Bridgend"]
[Date "2026.01.24"]
[Round "2.15"]
[White "Zhuravlev, Andrei"]
[Black "George, Naveen Daniel"]
[Result "0-1"]
[WhiteElo "1470"]
[BlackElo "1624"]
[WhiteFideId "-1"]
[BlackFideId "-1"]
[PlyCount "72"]
[GameId "2272130675388703"]
[EventDate "2026.01.23"]
[EventType "swiss"]
[EventRounds "5"]
[EventCountry "WLS"]

1. e4 c5 2. Bc4 d6 3. Nc3 Nf6 4. Nf3 e6 5. d4 cxd4 6. Qxd4 Nc6 7. Qd3 Be7 8. O-O O-O 9. Bf4 Nh5 10. Be3 a6 11. a4 Qc7 12. a5 Nxa5 13. Ba2 b5 14. Ng5 h6 15. Qe2 Nf6 16. Nf3 Bb7 17. Bd2 Rac8 18. Rfc1 Nc4 19. Bxc4 Qxc4 20. Qxc4 Rxc4 21. e5 dxe5 22. Nxe5 Rc7 23. Bf4 Nh5 24. Be3 Bf6 25. f4 g5 26. Ng4 Bxc3 27. bxc3 gxf4 28. Bd4 Kh7 29. Be5 Rd7 30. Rd1 Rfd8 31. Bd4 Rg8 32. Ne5 Rxg2+ 33. Kf1 Rc7 34. Ra2 Rxh2 35. Rb2 Ng3+ 36. Ke1 Re2# 0-1

[Event "WCU Winter Major"]
[Site "Bridgend"]
[Date "2026.01.24"]
[Round "2.16"]
[White "Cooke, Mark"]
[Black "Edwards, Billy"]
[Result "1-0"]
[WhiteElo "1619"]
[BlackElo "1397"]
[WhiteFideId "-1"]
[BlackFideId "-1"]
[PlyCount "119"]
[GameId "2272131971821864"]
[EventDate "2026.01.23"]
[EventType "swiss"]
[EventRounds "5"]
[EventCountry "WLS"]

1. d4 d5 2. c4 e6 3. c5 Nf6 4. Bg5 Nbd7 5. Nc3 c6 6. a3 e5 7. b4 Be7 8. e3 O-O 9. Bd3 exd4 10. exd4 Re8 11. Nge2 Ne4 12. Bxe7 Qxe7 13. O-O Ndf6 14. Nxe4 Nxe4 15. Qc2 Be6 16. Rae1 Rad8 17. Nf4 Bf5 18. f3 Qh4 19. fxe4 dxe4 20. Bxe4 Rxd4 21. Bxf5 Rxe1 22. g3 Rxf1+ 23. Kxf1 Qh6 24. Qe2 Rd8 25. h4 Qf6 26. Bb1 Qa1 27. Qc2 Kf8 28. Kg2 g6 29. Ba2 Rd1 30. Qf2 f5 31. g4 Qc3 32. gxf5 Rd2 33. Ne2 Qb2 34. fxg6+ Ke7 35. Qe3+ Kd8 36. Qg5+ Kc7 37. Qf4+ Kd8 38. Qf8+ Kc7 39. Qf7+ Rd7 40. Qf4+ Kc8 41. Bc4 hxg6 42. Kf2 Qxa3 43. Be6 Qb2 44. Bxd7+ Kxd7 45. Qd6+ Kc8 46. Qxg6 Qxb4 47. Qe6+ Kc7 48. Qd6+ Kc8 49. Nf4 Qb2+ 50. Kf3 Qc3+ 51. Ke4 Qb4+ 52. Kf5 Qb1+ 53. Kf6 a5 54. Ne6 Qb2+ 55. Ke7 Qg7+ 56. Nxg7 b5 57. Qxc6+ Kb8 58. Qxb5+ Ka7 59. c6 a4 60. Qb7# 1-0

[Event "WCU Winter Major"]
[Site "Bridgend"]
[Date "2026.01.24"]
[Round "2.17"]
[White "Hill, Glyn"]
[Black "Sarwar, Adam"]
[Result "0-1"]
[WhiteElo "1413"]
[BlackElo "1555"]
[WhiteFideId "-1"]
[BlackFideId "-1"]
[PlyCount "60"]
[GameId "2272135580033762"]
[EventDate "2026.01.23"]
[EventType "swiss"]
[EventRounds "5"]
[EventCountry "WLS"]

1. d4 d5 2. Bf4 Nf6 3. Nf3 Bf5 4. e3 e6 5. Bd3 Bg6 6. c3 c5 7. Bb5+ Nc6 8. Ne5 Rc8 9. c4 Qb6 10. Nc3 a6 11. Bxc6+ bxc6 12. b3 cxd4 13. exd4 Bb4 14. Bd2 Qxd4 15. Nxg6 hxg6 16. Ne2 Bxd2+ 17. Qxd2 Qxa1+ 18. Nc1 Qe5+ 19. Qe2 Qxe2+ 20. Nxe2 O-O 21. O-O Rfd8 22. Rd1 dxc4 23. Rxd8+ Rxd8 24. h3 cxb3 25. axb3 Rd3 26. b4 Rb3 27. Nd4 Rxb4 28. Nxc6 Rb6 29. Ne7+ Kf8 30. Nc8 Rc6 0-1

[Event "WCU Winter Major"]
[Site "Bridgend"]
[Date "2026.01.24"]
[Round "3.1"]
[White "Ramzan, Timur"]
[Black "Hayes, Ian"]
[Result "1/2-1/2"]
[WhiteElo "1658"]
[BlackElo "1751"]
[BlackFideId "-1"]
[PlyCount "45"]
[GameId "2274234247569489"]
[EventDate "2026.01.23"]
[EventType "swiss"]
[EventRounds "5"]
[EventCountry "WLS"]

1. e4 d6 2. d4 Nf6 3. Nc3 g6 4. h3 Bg7 5. Nf3 O-O 6. Bg5 c5 7. d5 Nbd7 8. Qd2 Qb6 9. Rb1 Qa5 10. Be2 a6 11. a4 Qb4 12. Bd3 c4 13. Be2 Nc5 14. Bxf6 Bxf6 15. Nd4 Nxa4 16. Nxa4 Qxa4 17. c3 Bxd4 18. cxd4 b5 19. O-O Qb3 20. Bd1 Qd3 21. Qxd3 cxd3 22. Bf3 Bd7 23. Rfd1 1/2-1/2

[Event "WCU Winter Major"]
[Site "Bridgend"]
[Date "2026.01.24"]
[Round "3.2"]
[White "Saparovich, Mikhail"]
[Black "Peters, Chris"]
[Result "1-0"]
[WhiteElo "1681"]
[BlackElo "1672"]
[WhiteFideId "-1"]
[BlackFideId "-1"]
[PlyCount "67"]
[GameId "2272390226501867"]
[EventDate "2026.01.23"]
[EventType "swiss"]
[EventRounds "5"]
[EventCountry "WLS"]

1. e4 d6 2. d4 Nf6 3. Nc3 g6 4. Be3 Bg7 5. f3 O-O 6. Qd2 Nbd7 7. O-O-O a6 8. Bc4 b5 9. Bb3 Nb6 10. Nge2 Nc4 11. Bxc4 bxc4 12. g4 Bb7 13. h4 a5 14. h5 a4 15. Bh6 a3 16. hxg6 axb2+ 17. Kb1 fxg6 18. Bxg7 Kxg7 19. Qh6+ Kf7 20. g5 Rh8 21. gxf6 exf6 22. Qf4 g5 23. Qf5 Kg7 24. e5 Bc8 25. Qe4 Ra5 26. exf6+ Qxf6 27. d5 Bf5 28. Qxc4 Rc5 29. Qd4 h5 30. Qxf6+ Kxf6 31. Ne4+ Bxe4 32. fxe4 Ke5 33. Rd4 g4 34. Rf1 1-0

[Event "WCU Winter Major"]
[Site "Bridgend"]
[Date "2026.01.24"]
[Round "3.3"]
[White "Smith, Andrew R"]
[Black "Wilkins, Zack"]
[Result "1-0"]
[WhiteElo "1800"]
[BlackElo "1648"]
[WhiteFideId "-1"]
[BlackFideId "-1"]
[PlyCount "73"]
[GameId "2272391429304565"]
[EventDate "2026.01.23"]
[EventType "swiss"]
[EventRounds "5"]
[EventCountry "WLS"]

1. e4 e5 2. Nf3 Nc6 3. Bc4 Nf6 4. d3 h6 5. O-O d6 6. h3 g6 7. Be3 Bg7 8. Nc3 O-O 9. a3 Kh7 10. Qd2 Nh5 11. d4 exd4 12. Nxd4 Ne5 13. Be2 Nf6 14. f4 Ned7 15. Bf3 a6 16. Rad1 Nb6 17. Qd3 Be6 18. Nxe6 fxe6 19. Bxb6 cxb6 20. Qxd6 Qxd6 21. Rxd6 Rad8 22. Rfd1 Rxd6 23. Rxd6 Re8 24. Rxb6 e5 25. fxe5 Nd7 26. Rxb7 Nxe5 27. Nd5 Rc8 28. c3 Nc4 29. a4 h5 30. b4 Kh6 31. Ra7 a5 32. Ra6 axb4 33. cxb4 Be5 34. Ne7 Bd4+ 35. Kf1 Ne3+ 36. Ke2 Rc4 37. Nc6 1-0

[Event "WCU Winter Major"]
[Site "Bridgend"]
[Date "2026.01.24"]
[Round "3.4"]
[White "Bull, Jack"]
[Black "Browse, Joseph"]
[Result "1-0"]
[WhiteElo "1690"]
[BlackElo "1792"]
[WhiteFideId "-1"]
[PlyCount "93"]
[GameId "2272393215639820"]
[EventDate "2026.01.23"]
[EventType "swiss"]
[EventRounds "5"]
[EventCountry "WLS"]

1. e4 c6 2. d4 d5 3. exd5 cxd5 4. Bb5+ Nc6 5. Nf3 Nf6 6. Nc3 Bg4 7. h3 Bxf3 8. Qxf3 e6 9. Bg5 Be7 10. Bxc6+ bxc6 11. O-O-O Qa5 12. Qd3 Rb8 13. Bf4 Rb7 14. a3 O-O 15. Ne2 Ne4 16. Rhf1 c5 17. dxc5 Nxc5 18. Qc3 Qb6 19. Be3 Rc8 20. b4 a5 21. bxc5 Bxc5 22. Bxc5 Rxc5 23. Qd3 Qb2+ 24. Kd2 Rbc7 25. Rc1 e5 26. Qb3 Qxb3 27. cxb3 Kf8 28. Rxc5 Rxc5 29. Rc1 Rb5 30. Rb1 f5 31. Nc3 Rc5 32. b4 axb4 33. axb4 Rc4 34. b5 d4 35. Ne2 Rc7 36. b6 Rb7 37. Kd3 Ke7 38. Kc4 Kd6 39. Kb5 Rb8 40. Rc1 d3 41. Rc6+ Kd7 42. Nc3 e4 43. Rc7+ Kd6 44. Rxg7 Re8 45. b7 f4 46. Nxe4+ Ke5 47. Nc5 1-0

[Event "WCU Winter Major"]
[Site "Bridgend"]
[Date "2026.01.24"]
[Round "3.5"]
[White "Heatman, Jordan"]
[Black "Williams, Stephen"]
[Result "1/2-1/2"]
[WhiteElo "1784"]
[BlackElo "1655"]
[WhiteFideId "-1"]
[PlyCount "125"]
[GameId "2272395498213653"]
[EventDate "2026.01.23"]
[EventType "swiss"]
[EventRounds "5"]
[EventCountry "WLS"]

1. e4 e6 2. d4 d5 3. Bd3 Nc6 4. c3 e5 5. Ne2 Nf6 6. Bg5 Be7 7. f3 O-O 8. Be3 dxe4 9. fxe4 Ng4 10. Bg1 Bg5 11. Nd2 Be3 12. h3 Bxg1 13. hxg4 Be3 14. d5 Bxd2+ 15. Qxd2 Ne7 16. g5 Ng6 17. O-O-O a5 18. Kb1 Bg4 19. Qe3 Qe7 20. Rh2 Nf4 21. Nxf4 Bxd1 22. Qh3 h6 23. gxh6 g6 24. Rh1 exf4 25. Rxd1 Kh7 26. Qg4 Qe5 27. Rf1 g5 28. g3 Rg8 29. gxf4 gxf4 30. Qh4 Rg6 31. Qxf4 Qxf4 32. Rxf4 Kxh6 33. Rxf7 Rg7 34. Rf5 Rd8 35. Kc2 b6 36. c4 Rg2+ 37. Kc3 Kg7 38. e5 Rf8 39. Rh5 Rh8 40. Rf5 Rg3 41. e6 Rf8 42. Rxf8 Kxf8 43. Kd4 {(=)} Ke7 44. b3 Kd6 45. a3 c5+ 46. Kc3 b5 47. cxb5 Kxd5 48. e7 Re3 49. e8=Q Rxe8 50. b4 cxb4+ 51. axb4 a4 52. Bc4+ Kd6 53. Kb2 Re3 54. Ka2 Kc7 55. Bf1 Rb3 56. Bg2 Rxb4 57. Ka3 Rxb5 58. Kxa4 Rb8 59. Bf1 {(=)} Kd6 60. Be2 Kc5 61. Bf1 Rb1 62. Bd3 Rb4+ 63. Ka3 1/2-1/2

[Event "WCU Winter Major"]
[Site "Bridgend"]
[Date "2026.01.24"]
[Round "3.6"]
[White "Murthy, Arush"]
[Black "Thomas, Kevin"]
[Result "1/2-1/2"]
[WhiteElo "1613"]
[BlackElo "1737"]
[WhiteFideId "-1"]
[BlackFideId "-1"]
[PlyCount "107"]
[GameId "2272398356095265"]
[EventDate "2026.01.23"]
[EventType "swiss"]
[EventRounds "5"]
[EventCountry "WLS"]

1. d4 Nf6 2. c4 c5 3. d5 b5 4. Qc2 d6 5. e4 bxc4 6. Bxc4 g6 7. Nc3 Bg7 8. f4 O-O 9. Nf3 Nbd7 10. O-O Rb8 11. h3 Qb6 12. e5 Ne8 13. e6 fxe6 14. Ng5 Ndf6 15. Nxe6 Bxe6 16. dxe6 Nc7 17. f5 d5 18. Be2 gxf5 19. Qxf5 Qxe6 20. Qc2 Qb6 21. Na4 Qc6 22. Qxc5 Qd7 23. Nc3 Ne6 24. Qa5 Rfc8 25. Qa4 Qxa4 26. Nxa4 Ne4 27. Bh5 Bd4+ 28. Kh2 Be5+ 29. Kg1 Nf6 30. Bf3 Rc4 31. Nc3 Bxc3 32. bxc3 Rxc3 33. g4 Nd4 34. Bg2 Ne2+ 35. Kf2 Rc2 36. Kf3 Rbc8 37. Be3 d4 38. Rfe1 R8c3 39. Rxe2 Rxe2 40. Kxe2 Rxe3+ 41. Kd2 Ra3 42. g5 Rg3 43. gxf6 Rxg2+ 44. Kd3 exf6 45. Kxd4 Kf7 46. a4 Ke6 47. Ra3 f5 48. Rc3 Rd2+ 49. Ke3 Ra2 50. Rc6+ Ke5 51. Rc5+ Kf6 52. Ra5 Ra3+ 53. Kf4 Rxh3 54. Rxf5+ 1/2-1/2

[Event "WCU Winter Major"]
[Site "Bridgend"]
[Date "2026.01.24"]
[Round "3.7"]
[White "Brain, Peter"]
[Black "Harper, Gareth JM"]
[Result "1/2-1/2"]
[WhiteElo "1587"]
[BlackElo "1846"]
[WhiteFideId "-1"]
[BlackFideId "-1"]
[PlyCount "43"]
[GameId "2272401327440173"]
[EventDate "2026.01.23"]
[EventType "swiss"]
[EventRounds "5"]
[EventCountry "WLS"]

1. e4 c5 2. Nf3 d6 3. d4 cxd4 4. Nxd4 Nf6 5. Nc3 a6 6. Be3 e5 7. Nb3 Be6 8. Be2 Be7 9. O-O O-O 10. Qd2 Nc6 11. Bg5 b5 12. Bxf6 gxf6 13. f4 Qb6+ 14. Kh1 Kh8 15. f5 Bc4 16. Bxc4 bxc4 17. Nd5 Qb7 18. Qh6 Rg8 19. Nxf6 Rg7 20. Nh5 Rgg8 21. Nf6 Rg7 22. Nh5 1/2-1/2

[Event "WCU Winter Major"]
[Site "Bridgend"]
[Date "2026.01.24"]
[Round "3.8"]
[White "Penny, Liam"]
[Black "Cooke, Mark"]
[Result "1/2-1/2"]
[WhiteElo "1793"]
[BlackElo "1619"]
[BlackFideId "-1"]
[PlyCount "35"]
[GameId "2272684306788555"]
[EventDate "2026.01.23"]
[EventType "swiss"]
[EventRounds "5"]
[EventCountry "WLS"]

{[%evp 0,35,22,11,23,26,29,23,68,47,67,59,99,64,78,61,121,128,150,175,194,206,249,283,360,362,369,353,353,351,354,203,279,-1,-1,-1,1,1]} 1. d4 c6 2. Nc3 d6 3. e4 h6 4. f4 Nf6 5. Nf3 Bg4 6. Be2 Nbd7 7. O-O b5 8. e5 dxe5 9. fxe5 Nh7 10. h3 Bh5 11. g4 Bg6 12. Nh4 e6 13. Nxg6 fxg6 14. Bd3 Qh4 15. Bxg6+ Kd8 16. Bxh7 (16. Qd3) (16. Kg2) 16... Qg3+ 17. Kh1 Qxh3+ 18. Kg1 1/2-1/2

[Event "WCU Winter Major"]
[Site "Bridgend"]
[Date "2026.01.24"]
[Round "3.9"]
[White "Jones, Gavin"]
[Black "Wiltshire, Bob"]
[Result "1-0"]
[WhiteElo "1766"]
[BlackElo "1550"]
[WhiteFideId "-1"]
[BlackFideId "-1"]
[PlyCount "107"]
[GameId "2272684372639954"]
[EventDate "2026.01.23"]
[EventType "swiss"]
[EventRounds "5"]
[EventCountry "WLS"]

1. d4 e6 2. e4 d5 3. Nc3 dxe4 4. Nxe4 Bd7 5. Nf3 Bc6 6. Bd3 Nd7 7. O-O Ngf6 8. Qe2 Be7 9. Bd2 Bxe4 10. Bxe4 c6 11. Bd3 Qc7 12. c4 h6 13. b4 O-O 14. Ne5 Nxe5 15. dxe5 Nd7 16. Qe4 f5 17. exf6 Nxf6 18. Qxe6+ Kh8 19. Qf5 Rad8 20. Bc3 Qd7 21. Qxd7 Nxd7 22. Rad1 Bf6 23. Bxf6 Nxf6 24. f3 Rd4 25. Be2 Rfd8 26. Rxd4 Rxd4 27. Rd1 Rd7 28. Rxd7 Nxd7 29. Kf2 c5 30. a3 b6 31. b5 Kg8 32. f4 Nf6 33. g4 Ne4+ 34. Ke3 Nd6 35. f5 Kf7 36. Kf4 Kf6 37. h4 Nf7 38. Bd3 Nd8 39. Be4 Nf7 40. Bd5 Nd6 41. g5+ hxg5+ 42. hxg5+ Ke7 43. Ke5 Ne8 44. Be6 Nc7 45. f6+ gxf6+ 46. gxf6+ Kf8 47. Bd7 a6 48. Kd6 axb5 49. Kxc7 b4 50. axb4 cxb4 51. Ba4 Kf7 52. Kxb6 Kxf6 53. c5 Ke7 54. Kb7 1-0

[Event "WCU Winter Major"]
[Site "Bridgend"]
[Date "2026.01.24"]
[Round "3.10"]
[White "Sarwar, Adam"]
[Black "Phillips, Thomas"]
[Result "1/2-1/2"]
[WhiteElo "1555"]
[BlackElo "1707"]
[WhiteFideId "-1"]
[BlackFideId "-1"]
[PlyCount "79"]
[GameId "2272685664104668"]
[EventDate "2026.01.23"]
[EventType "swiss"]
[EventRounds "5"]
[EventCountry "WLS"]

{[%evp 0,79,26,55,12,19,49,26,0,-3,13,7,23,42,32,40,92,98,86,68,94,42,37,45,-18,13,27,58,19,26,41,13,11,16,67,65,-96,43,56,-1,-41,62,51,-40,46,2,2,27,44,91,88,85,109,1,-90,-14,-4,-1,-1,-9,0,-10,-7,-6,-13,-142,-1,-1,-1,-15,-8,-1,-1,-1,-1,-35,-6,-27,-9,-68,-33,-10]} 1. e4 e5 2. Nf3 Nf6 3. Nc3 Nc6 4. d4 exd4 5. Nxd4 Bc5 6. Be3 Nxd4 7. Bxd4 Bxd4 8. Qxd4 O-O 9. Bc4 Re8 10. O-O d6 11. Rfe1 Be6 12. Nd5 Nxd5 13. Bxd5 Bxd5 14. exd5 Qg5 15. Qc4 Qd2 16. Red1 Qe2 17. Qxc7 Rac8 18. Qxb7 Rxc2 19. Qxa7 Rxb2 20. Rf1 Qe5 21. Qa5 Re2 22. h3 h6 23. Rab1 Qd4 24. Rbd1 Qb2 25. a4 Qb7 26. Qb5 Qxb5 27. axb5 Rb2 28. Rb1 Ree2 29. b6 Rxf2 30. Rxb2 Rxb2 31. Rc1 Rxb6 32. Rc6 Rb8 33. Rxd6 Kf8 34. Rc6 Ke7 35. Rc7+ Ke8 36. Kf2 Rb5 37. d6 Rd5 38. Rc8+ Kd7 39. Rc7+ Ke6 40. Re7+ 1/2-1/2

[Event "WCU Winter Major"]
[Site "Bridgend"]
[Date "2026.01.24"]
[Round "3.11"]
[White "Wallace, Robert"]
[Black "Probert, Malcolm"]
[Result "0-1"]
[WhiteElo "1545"]
[BlackElo "1669"]
[WhiteFideId "-1"]
[PlyCount "79"]
[GameId "2272687598612759"]
[EventDate "2026.01.23"]
[EventType "swiss"]
[EventRounds "5"]
[EventCountry "WLS"]

1. e4 d5 2. e5 c5 3. c3 Nc6 4. d4 cxd4 5. cxd4 Bf5 6. Nf3 e6 7. Bd3 Bg4 8. Nbd2 Nxd4 9. Qa4+ Nc6 10. Qxg4 Nge7 11. Nb3 Ng6 12. Bf4 Bb4+ 13. Bd2 Bxd2+ 14. Nbxd2 O-O 15. Bxg6 hxg6 16. O-O Ne7 17. Rfe1 Nf5 18. Nb3 Qb6 19. h4 Rfc8 20. Rac1 Rc6 21. Rxc6 bxc6 22. h5 gxh5 23. Qxh5 c5 24. Ng5 Nh6 25. Re3 Rc8 26. Rf3 Rc7 27. Nd2 c4 28. b3 c3 29. Rxc3 Rxc3 30. Ngf3 Rc1+ 31. Nf1 Qb5 32. N3d2 Qd3 33. Qg5 Ra1 34. a4 Qd4 35. a5 Ng4 36. Qd8+ Kh7 37. Qh4+ Kg6 38. Nf3 Qf4 39. Qh3 Nxe5 40. N3d2 0-1

[Event "WCU Winter Major"]
[Site "Bridgend"]
[Date "2026.01.24"]
[Round "3.12"]
[White "Gardner, Vincent"]
[Black "Richards, Benjamin James"]
[Result "0-1"]
[WhiteElo "1310"]
[BlackElo "1650"]
[WhiteFideId "-1"]
[BlackFideId "-1"]
[PlyCount "56"]
[GameId "2272688637702432"]
[EventDate "2026.01.23"]
[EventType "swiss"]
[EventRounds "5"]
[EventCountry "WLS"]

1. d4 Nf6 2. Bg5 d6 3. Bxf6 gxf6 4. e4 e5 5. Nf3 Nc6 6. d5 Ne7 7. Nbd2 f5 8. Bd3 Bh6 9. Qe2 fxe4 10. Bxe4 f5 11. Bxf5 Bxf5 12. O-O-O Qd7 13. Nh4 O-O-O 14. Nxf5 Qxf5 15. Kb1 Nxd5 16. Qe4 Qxe4 17. Nxe4 Ne7 18. g4 Bf4 19. g5 Rhg8 20. Rdg1 Rdf8 21. Nf6 Rxg5 22. Rxg5 Bxg5 23. Nxh7 Rf5 24. Nxg5 Rxg5 25. a3 Rg2 26. f3 Rf2 27. h4 Rxf3 28. h5 Rf7 0-1

[Event "WCU Winter Major"]
[Site "Bridgend"]
[Date "2026.01.24"]
[Round "3.13"]
[White "George, Naveen Daniel"]
[Black "Matheson, Micah"]
[Result "0-1"]
[WhiteElo "1624"]
[BlackElo "1359"]
[WhiteFideId "-1"]
[BlackFideId "-1"]
[PlyCount "70"]
[GameId "2272689635512617"]
[EventDate "2026.01.23"]
[EventType "swiss"]
[EventRounds "5"]
[EventCountry "WLS"]

1. e4 d6 2. d4 Nf6 3. Nc3 g6 4. f4 Bg7 5. Nf3 O-O 6. Bd3 c5 7. dxc5 dxc5 8. Be3 Qa5 9. Bd2 Qb6 10. Qe2 Nc6 11. e5 Nh5 12. O-O-O Bg4 13. Qf2 Nd4 14. Rdg1 f6 15. Nxd4 cxd4 16. Bc4+ Kh8 17. Nd5 Qc5 18. exf6 exf6 19. Bb3 Be6 20. Bb4 Qc6 21. Bxf8 Bxf8 22. c4 dxc3 23. Ne3 cxb2+ 24. Kxb2 Bc5 25. Qd2 Nxf4 26. Rc1 Qb6 27. Nc4 Bd4+ 28. Kc2 Bxc4 29. Bxc4 Be3 30. Qc3 Bxc1 31. Rxc1 Rc8 32. Rd1 Nxg2 33. Rd3 Ne1+ 34. Qxe1 Rxc4+ 35. Kd2 Qb4+ 0-1